COMPUTATIONAL MODELS OF THE AUDIOTORY SYSTEM (Record no. 31357)

MARC details
000 -LEADER
fixed length control field 00419nam a22001697a 4500
003 - CONTROL NUMBER IDENTIFIER
control field SGT
020 ## - INTERNATIONAL STANDARD BOOK NUMBER
International Standard Book Number 9781441913708
082 ## - DEWEY DECIMAL CLASSIFICATION NUMBER
Classification number 617.8
Item number C10M
100 ## - MAIN ENTRY--PERSONAL NAME
Personal name MEDDIS, RAY
245 ## - TITLE STATEMENT
Title COMPUTATIONAL MODELS OF THE AUDIOTORY SYSTEM
250 ## - EDITION STATEMENT
Edition statement 1ST
260 ## - PUBLICATION, DISTRIBUTION, ETC. (IMPRINT)
Place of publication, distribution, etc NEW YORK
Name of publisher, distributor, etc SPRINGER PUB
Year of Publication 2010
300 ## - PAGE DESCRIPTION
No. of Pages 282
650 ## - SUBJECT ADDED ENTRY--TOPICAL TERM
Topical term or geographic name as entry element AUDIOOLOGY
653 ## - KEYWORDS--INDEX TERM
Keyword term COMPUTATIONAL MODELS OF THE AUDIOTORY SYSTEM
942 ## - ADDED ENTRY ELEMENTS (KOHA)
Source of classification or shelving scheme Dewey Decimal Classification
Koha item type Books
Holdings
Withdrawn status Lost status Source of classification or shelving scheme Damaged status Not for loan Collection code Home library Current library Shelving location Date acquired Vendor Name Cost, normal purchase price SGTU Bill Number Total Checkouts Full call number Accession No. (Barcode) Date last seen Bill Date Koha item type
    Dewey Decimal Classification   Not For Loan MEDICAL SGT Medical Library SGT Medical Library Reference Book 20/05/2025 ABC DELHI 14654.00 SGTU 21190   617.8 C10M FM15501 12/06/2025 20/05/2025 Books
    Dewey Decimal Classification   Not For Loan MEDICAL SGT Medical Library SGT Medical Library Reference Book 20/05/2025 ABC DELHI 14654.00 SGTU 21190   617.8 C10M FM15502 12/06/2025 20/05/2025 Books